The Groeninge Museum, Bruges : a selection of the finest works /

Saved in:
Bibliographic Details
Main Author: Smets, Irène.
Corporate Author: Groeningemuseum.
Format: Book
Language:English
Published: Ghent : Ludion, c2000.
Series:Ludion guides.
Subjects:
Tags: Add Tag
No Tags, Be the first to tag this record!
LEADER 00957cam a2200301 a 4500
001 008564900-7
005 20020606104010.5
008 001110s2000 be a bc 001 0deng d
020 |a 9055442585 
035 0 |a ocm45323127 
040 |a PIT  |c PIT  |d HFL 
043 |a e-be--- 
090 |a ND634  |b .S64 2000 
100 1 |a Smets, Irène. 
245 1 4 |a The Groeninge Museum, Bruges :  |b a selection of the finest works /  |c Irene Smets ; [translation, Ted Alkins]. 
260 |a Ghent :  |b Ludion,  |c c2000. 
300 |a 127 p. :  |b col. ill. ;  |c 21 cm. 
490 1 |a Ludion guides 
504 |a Includes bibliographical references (p. 126) and index. 
610 2 0 |a Groeningemuseum  |v Catalogs. 
650 0 |a Painting, Flemish  |v Catalogs. 
650 0 |a Painting, Dutch  |v Catalogs. 
650 0 |a Painting, Belgian  |v Catalogs. 
650 0 |a Painting  |z Belgium  |z Bruges  |v Catalogs. 
710 2 |a Groeningemuseum. 
830 0 |a Ludion guides. 
988 |a 20020608 
906 |0 OCLC